000 00706nam a2200289Ia 4500
005 20260324122304.0
008 008 260324s9999 xx 000 0 eng d
020 _a9780203485514
037 _aEBOOK
040 _aCRL
040 _beng
040 _cCRL
041 _2eng
041 _aeng
084 _qCRL
100 _aByasdeb Dasgupta
_91165868
245 0 _aNon-Mainstream Dimensions of Global Political Economy
245 0 _bEssays in Honour of Sunanda Sen
260 _bTaylor and Francis
260 _c2013
365 _a
365 _b290
856 _uhttp://www.taylorfrancis.com/books/9780203485514
942 _cEBOOK
999 _c1758485
_d1758485